000 00457nam a2200181Ia 4500
001 28067
003 IN-NITTTR
005 20251114233348.0
008 251113s9999||||xx |||||||||||||| ||eng||
040 _beng
040 _cIN-NITTTR
041 _aeng
082 _a690.50288 G1T
100 _aGoyal, N. C.
245 0 _aText book of hotel maintenance :
_b hotel engineering /
_cGoyal, N. C., Arora, K. C.
700 _a Arora, K. C.
942 _2ddc
_cBK
999 _c30695
_d30695